000 00241nam a2200109Ia 4500
008 190216s9999||||xx |||||||||||||| ||und||
100 _aBhabatosh Banerjee
245 0 _aCost Accounting
260 _bNull
_c1977
300 _a1659p
942 _cBK
999 _c4105
_d4105